000 00873nam a22002297a 4500
999 _c18229
_d18229
003 AR-CdUCM
008 190513b ||||| |||| 00| 0 spa d
040 _aMUNICIPALIDAD PROVINCIAL DEL CUSCO
_cBIBLIOTECA MUNICIPAL DEL CUSCO
082 _a641.3 /
_bL18
100 _aLalanne, Raymond
_938693
245 _aLa alimentación humana /
260 _aBarcelona :
_bOikos-tau,
_c1971.
300 _a126 páginas ;
_c18 cm.
440 _aQué sé ;
_n64
_938694
505 _aContenido: Diversidad de las costumbres alimenticias influencia de la alimentación sobre la salud -- Nociones sobre la fisiología de la nutrición -- Estudio y uso de los alimentos del hombre...
650 _aNutrición
_92384
650 _aAlimentación humana
_922805
650 _aVegetarianismo
_938695
700 _aRandoin, Lucie
_938696
942 _2ddc
_cLIBROS
945 _aacv
_d2019-05-13